| 000 | 01259nam a22002897a 4500 | ||
|---|---|---|---|
| 005 | 20240530110603.0 | ||
| 008 | 161017s2015 ua ak g b 000 0 ara d | ||
| 017 |
_a2014/25831 _bمصر. دار الكتب |
||
| 020 | _a9789772768271 | ||
| 040 |
_aEG-CaGPL _cEG-CaGPL |
||
| 082 |
_221 _a372.218\ _bن ض |
||
| 100 | 0 | _aنرمين سنجر | |
| 245 | 1 | 2 |
_aالضغوط البيئية و علاقتها بصعوبات تعلم اللغة الانجليزية لدى الاطفال فى مرحلة التعليم الاساسى / _cاعداد نرمين سنجر |
| 250 | _aط.1 | ||
| 260 |
_aالقاهرة : _bالمكتب العربى للمعارف ، _c2015 . |
||
| 300 |
_a284 ص. : _bايض ؛ _c24 سم. + _eملاحق . |
||
| 504 | _aشتمل على ارجاعات ببليوجرافية | ||
| 650 | 0 | 7 |
_2qrmak _aالتعليم _xالجوانب النفسية |
| 650 | 0 | 7 |
_2qrmak _aالتعليم _xالطرق المعالجة |
| 650 | 0 | 7 |
_2qrmak _aعلم النفس التربوى |
| 650 | 0 | 4 |
_aصعوبات التعلم _2qrmak |
| 650 | 0 | 7 |
_2qrmak _aالاختبارات و القياسات |
| 650 | 0 | 7 |
_2qrmak _aاللغة الانجليزية _x دراسة وتعلم |
| 651 | _2qrmak | ||
| 942 |
_2ddc _cBK |
||
| 999 |
_c62703 _d62703 |
||